Boy Scout Merit Badges Quiz Stats

 Plays Quiz Updated Oct 17, 2019

Score 0/137 Timer 10:00
3 Plays Today
% Correct
Camping
75.9%
Swimming
75.2%
First Aid
65.6%
Archery
64.7%
Hiking
64.6%
Cooking
64%
Rifle Shooting
60.2%
Canoeing
59.2%
Fire Safety
57.1%
Fish and Wildlife Management
56.5%
Kayaking
49.8%
Art
48.4%
Cycling
48.3%
Small-Boat Sailing
48.3%
Wilderness Survival
47.8%
Lifesaving
47.8%
Shotgun Shooting
47.4%
Citizenship in the World
46.3%
Citizenship in the Community
46%
Soil and Water Conservation
45.9%
Citizenship in the Nation
45.7%
Fishing
45.6%
Animal Science
44.3%
Sports
44.2%
Woodwork
42.2%
Personal Fitness
42%
Music
40.7%
Rowing
40.2%
Climbing
40.2%
Astronomy
39.9%
Bird Study
39.6%
Environmental Science
39.1%
Orienteering
38.4%
Basketry
38.2%
Emergency Preparedness
38.1%
Chess
37.9%
Leatherwork
37.4%
Reading
37.3%
Family Life
36.1%
Personal Management
35.2%
Indian Lore
34.5%
Wood Carving
33.7%
Safety
33.5%
Chemistry
33.4%
Welding
33.1%
Mammal Study
33%
% Correct
Metalwork
32.6%
Communications
32.6%
Geology
32.4%
Horsemanship
31.9%
Reptile and Amphibian Study
31.7%
Backpacking
31%
Nature
30.9%
Forestry
30.7%
American Business
30.7%
Farm Mechanics
30.4%
Athletics
30.2%
Aviation
29.5%
Pioneering
29.4%
Painting
29.2%
Game Design
28.7%
Pets
28.6%
Law
28.4%
Engineering
28.2%
Plant Science
28.2%
Insect Study
28%
Fingerprinting
27.9%
Electricity
27.9%
Search & Rescue
27.5%
Weather
27.3%
Medicine
27.1%
Gardening
27.1%
Architecture
26.9%
Golf
26.9%
Coin Collecting
26.9%
Photography
26.7%
American Heritage
26.2%
Motorboating
25.7%
Public Health
25.5%
Pottery
25.4%
Space Exploration
25.3%
Dog Care
25.3%
Electronics
25%
Fly Fishing
24.9%
American Cultures
24.9%
Water Sports
24.5%
Bugling
24.4%
Public Speaking
24.1%
Stamp Collecting
23.6%
Whitewater
23.4%
Collections
23.4%
Automotive Maintenance
23.3%
% Correct
Animation
23.2%
Dentistry
23%
Radio
22.9%
Snow Sports
22.9%
Oceanography
22.7%
Scholarship
22.4%
American Labor
22.2%
Archaeology
22.2%
Plumbing
22.2%
Truck Transportation
22.1%
Theater
21.8%
Energy
21.6%
Railroading
21.5%
Sculpture
21.3%
Nuclear Science
21%
Journalism
20.9%
Moviemaking
20.4%
Skating
20.3%
Sustainability
20.3%
Pulp and Paper
20.2%
Crime Prevention
20%
Salesmanship
19.8%
Programming
19.6%
Traffic Safety
19.3%
Home Repairs
19.2%
Mining in Society
18.9%
Drafting
18.9%
Textile
18.8%
Digital Technology
18.7%
Genealogy
18.5%
Disabilities Awareness
18.5%
Veterinary Medicine
18%
Exploration
18%
Model Design and Building
17.7%
Composite Materials
17.4%
Landscape Architecture
17.3%
Entrepreneurship
16.8%
Graphic Arts
16.2%
Signs, Signals and Codes
14.9%
Surveying
14.7%
Scuba Diving
13.5%
Geocaching
10.8%
Scouting Heritage
10.7%
Robotics
10.2%
Inventing
9.7%

You're not logged in!

Compare scores with friends on all Sporcle quizzes.
OR
Log In

Sporcle TV

Today on Sporcle TV


Watch our educational content, quiz creation guides, and fun videos on Sporcle TV.

Show Comments

Extras

Top Quizzes Today


Score Distribution

Your Account Isn't Verified!

In order to create a playlist on Sporcle, you need to verify the email address you used during registration. Go to your Sporcle Settings to finish the process.

Report this User

Report this user for behavior that violates our Community Guidelines.

Details: